| 000 | 00900nam a22002657a 4500 | ||
|---|---|---|---|
| 003 | OSt | ||
| 005 | 20251104000702.0 | ||
| 008 | 251103b |||||||| |||| 00| 0 eng d | ||
| 020 | _a978-971-06-4966-2 | ||
| 040 |
_aDWCL - Main Lib _cOC |
||
| 082 |
_23rd _aRes. 510 N138 2023 |
||
| 100 | _aDiaz, Zenaida B. [and five others] | ||
| 245 |
_aNext Century Mathematics 9 : _bInto Critical Thinking and Problem Solving / _cZenaida B. Diaz [and five others] |
||
| 250 | _a3rd | ||
| 260 |
_aQuezon City, Philippines : _bPhoenix Publishing House, _cc2023. |
||
| 300 |
_avi, 306 pages : _billustrations ; _c25 cm. |
||
| 650 | _a1. Mathematics | ||
| 700 | _aI. Zenaida B. Diaz | ||
| 700 | _aII. Maharlika P. Mojica | ||
| 700 | _aIII. Josephine L. Suzara | ||
| 700 | _aIV. Jesus P. Mercado | ||
| 700 | _aV. Mirla S. Esparrago | ||
| 700 | _aVI. Nestor V. Reyes | ||
| 942 |
_2ddc _cBK-0 CIRC _e3rd _mRes. _n0 |
||
| 999 |
_c5418 _d5418 |
||